The Jews of the Balkans : the Judeo-Spanish community, 15th to 20th centuries

Saved in:
Bibliographic Details
Main Author: Benbassa, Esther
Other Authors: Rodrigue, Aron
Format: Book
Language:English
Published: Oxford : Blackwell, 1995
Series:Jewish communities of the modern world
Subjects:
Tags: Add Tag
No Tags, Be the first to tag this record!

MARC

LEADER 00000nam a2200000 i 4500
001 1/7596
008 970111s1995 eng d
020 |a 0-631-19103-8 
035 |l 10016762 
040 |a GR-MY-UA  |b gre  |e aacr 
041 0 |a eng 
082 0 |a 949.6004924046 
100 1 |a Benbassa, Esther. 
245 1 4 |a The Jews of the Balkans :  |b the Judeo-Spanish community, 15th to 20th centuries /  |c Esther Benbassa and Aron Rodrigue 
260 |a Oxford :   |b Blackwell,   |c 1995 
300 |a 304 p. 
490 1 |a Jewish communities of the modern world 
504 |a Includes bibliographical references and index 
650 0 0 |a Jews  |z Balkan Peninsula  |x History. 
650 0 0 |a Sephardim  |z Balkan Peninsula  |x History. 
651 0 |a Balkan Peninsula  |x Ethnic relations. 
700 1 |a Rodrigue, Aron. 
830 0 |a Jewish communities of the modern world 
852 |a INST  |b LESVOS  |e 19970111  |h 949.6004924046 BEN  |p 005100011209  |q 005100011209  |t BK  |y 0 
909 |a Λ  |b 049222 
950 |a 050/1996-02-06